[Event "Scarborough CC Late Fall Swiss"]
[Site "Toronto CAN"]
[Date "2006.11.16"]
[Round "2"]
[White "Graham, John"]
[Black "Douglas, Richard"]
[Result "0-1"]
[WhiteElo "1432"]
[BlackElo "1689"]
[PlyCount "130"]
[EventDate "2006.11.02"]
[EventType "swiss"]
[EventRounds "8"]
[EventCountry "CAN"]

1. e4 Nf6 2. Nc3 d5 3. exd5 Nxd5 4. Nge2 Nc6 5. g3 Bg4 6. Bg2 Nxc3 7. bxc3 Qd7
8. O-O e5 9. Qe1 Be7 10. Bb2 O-O 11. d4 Bh3 12. Bxh3 Qxh3 13. d5 Nd8 14. c4 f6
15. Rd1 Nf7 16. Qa5 b6 17. Qc3 Bc5 18. Ba3 Bxa3 19. Qxa3 Ng5 20. f4 exf4 21.
Nxf4 Qg4 22. Rde1 Rfe8 23. Re7 Rxe7 24. Qxe7 Rc8 25. Kg2 Qf5 26. Rf2 Qe4+ 27.
Qxe4 Nxe4 28. Re2 f5 29. a3 Kf7 30. Ne6 h6 31. Re3 c6 32. Rf3 g6 33. g4 Nd6 34.
gxf5 gxf5 35. Nd4 cxd5 36. Nxf5 Nxf5 37. Rxf5+ Kg6 38. Rxd5 Rxc4 39. Rd6+ Kg5
40. Rd5+ Kg4 41. Rd2 Rc3 42. Rd4+ Kg5 43. Rd5+ Kf4 44. Rd4+ Ke5 45. Rd2 Rxa3
46. Rf2 Rc3 47. Re2+ Kd6 48. Rf2 Kc7 49. Rf7+ Kb8 50. Rf2 a5 51. Rf6 Rxc2+ 52.
Kg3 Rb2 53. Rxh6 a4 54. Rh5 a3 55. Rh8+ Kb7 56. Rh7+ Ka6 57. Rh8 Rb3+ 58. Kg4
b5 59. h4 Rb4+ 60. Kg5 Ra4 61. Rh6+ Kb7 62. Rh7+ Kb6 63. Rh6+ Kc5 64. Rf6 a2
65. Rf5+ Kb6 0-1

[Event "Scarborough CC Late Fall Swiss"]
[Site "Toronto CAN"]
[Date "2006.11.09"]
[Round "2"]
[White "Hall, John"]
[Black "Smith, Maurice"]
[Result "1-0"]
[WhiteElo "2037"]
[BlackElo "1678"]
[PlyCount "95"]
[EventDate "2006.11.02"]
[EventType "swiss"]
[EventRounds "8"]
[EventCountry "CAN"]

1. d4 Nf6 2. c4 c5 3. d5 b5 4. cxb5 a6 5. bxa6 Bxa6 6. Nc3 d6 7. e4 Bxf1 8.
Kxf1 g6 9. g3 Bg7 10. Kg2 O-O 11. Nf3 Nbd7 12. Re1 Ne8 13. Bf4 Qb6 14. Qc2 Nc7
15. e5 dxe5 16. Nxe5 Nxe5 17. Bxe5 e6 18. Bxc7 Qxc7 19. dxe6 Qc6+ 20. Qe4 Qxe4+
21. Rxe4 fxe6 22. Na4 Ra5 23. Rf1 Bd4 24. b3 e5 25. f4 exf4 26. Rfxf4 Raa8 27.
Rxf8+ Rxf8 28. Re2 Rb8 29. Rc2 Rb5 30. Kf3 Kf7 31. Ke4 Ke6 32. Kd3 Kd5 33. Nc3+
Bxc3 34. Kxc3 Rb4 35. Rd2+ Ke6 36. Re2+ Kd6 37. Re8 h5 38. Rd8+ Kc6 39. Rf8 Rg4
40. Rf4 Rg5 41. Kc4 Kd6 42. a4 Ke7 43. a5 Re5 44. a6 Re2 45. Kxc5 Re5+ 46. Kb6
Re6+ 47. Kb7 Rd6 48. Rc4 1-0

[Event "Scarborough CC Late Fall Swiss"]
[Site "Toronto CAN"]
[Date "2006.11.09"]
[Round "2"]
[White "Karpik, Steve"]
[Black "Dattani, Dinesh"]
[Result "0-1"]
[WhiteElo "1488"]
[BlackElo "1261"]
[PlyCount "92"]
[EventDate "2006.11.02"]
[EventType "swiss"]
[EventRounds "8"]
[EventCountry "CAN"]

1. Nf3 Nf6 2. c4 c6 3. g3 d5 4. b3 g6 5. Bb2 Bg7 6. Bg2 O-O 7. O-O Nbd7 8. d4
Re8 9. Nbd2 Qc7 10. Rc1 Qa5 11. a3 Qd8 12. c5 Ng4 13. e4 Nxc5 14. Rxc5 dxe4 15.
Nxe4 Be6 16. Nc3 Qd6 17. Ne4 Qd7 18. b4 Bf5 19. Nh4 b6 20. Rc1 Be6 21. Ng5 Bd5
22. Bh3 h5 23. Ngf3 Qd6 24. Re1 Qf6 25. Bxg4 hxg4 26. Ne5 Bh6 27. Rc3 Bg5 28.
Nxg4 Qd6 29. Nf3 Bf6 30. Nfe5 Kg7 31. Qc1 Rh8 32. Nxf6 exf6 33. Nxc6 Rxh2 34.
f4 Rah8 35. Rc2 Rh1+ 36. Kf2 R8h2+ 37. Ke3 Rxe1+ 38. Qxe1 Qe6+ 39. Ne5 Rxc2 40.
Qb1 Rg2 41. Ba1 Rxg3+ 42. Kf2 Qh3 43. Qf1 Qh2+ 44. Ke1 Re3+ 45. Kd1 Bb3+ 46.
Kc1 Qc2# 0-1

[Event "Scarborough CC Late Fall Swiss"]
[Site "Toronto CAN"]
[Date "2006.11.09"]
[Round "2"]
[White "Moysoski, Randy"]
[Black "Moran, Mario"]
[Result "1-0"]
[WhiteElo "1967"]
[BlackElo "1608"]
[PlyCount "42"]
[EventDate "2006.11.02"]
[EventType "swiss"]
[EventRounds "8"]
[EventCountry "CAN"]

1. e4 e6 2. d4 d5 3. Nd2 Ne7 4. Bd3 dxe4 5. Nxe4 Qxd4 6. Bb5+ Nbc6 7. Bxc6+
Nxc6 8. Qxd4 Nxd4 9. Kd1 b6 10. c3 Bb7 11. f3 Nf5 12. Bf4 O-O-O+ 13. Kc2 Bxe4+
14. fxe4 Nh4 15. Bg5 Nxg2 16. Bxd8 Kxd8 17. Nf3 Bc5 18. b4 Bf2 19. Ne5 Ne3+ 20.
Kd3 Ke7 21. Ke2 Be1 1-0

[Event "Scarborough CC Late Fall Swiss"]
[Site "Toronto CAN"]
[Date "2006.11.09"]
[Round "2"]
[White "Philip, Andrew"]
[Black "Deiseach, Donald"]
[Result "0-1"]
[WhiteElo "1585"]
[BlackElo "1940"]
[PlyCount "70"]
[EventDate "2006.11.02"]
[EventType "swiss"]
[EventRounds "8"]
[EventCountry "CAN"]

1. d4 Nf6 2. c4 e6 3. Nc3 d5 4. cxd5 exd5 5. Bg5 Be7 6. e3 O-O 7. Bd3 Nc6 8.
Rc1 Re8 9. Nge2 Bg4 10. O-O Qd7 11. a3 Rad8 12. f3 Bh5 13. Nf4 Bg6 14. Bxf6
Bxf6 15. Bxg6 hxg6 16. Qd3 Rxe3 17. Qb5 Bxd4 18. Kh1 Bxc3 19. bxc3 Qd6 20. g3
Ne5 21. Qxb7 g5 22. Ng2 Rxf3 23. Qxa7 c5 24. Rxf3 Nxf3 25. Rf1 g4 26. Nh4 d4
27. cxd4 cxd4 28. Nf5 Qd7 29. Qc5 g6 30. Ne7+ Kg7 31. Rb1 d3 32. Rb6 d2 33.
Nxg6 d1=Q+ 34. Kg2 Q7d2+ 35. Qf2 Qg1# 0-1

[Event "Scarborough CC Late Fall Swiss"]
[Site "Toronto CAN"]
[Date "2006.11.09"]
[Round "2"]
[White "Rapoport, Alexander"]
[Black "Perez, Michael"]
[Result "1-0"]
[WhiteElo "1889"]
[BlackElo "1571"]
[PlyCount "173"]
[EventDate "2006.11.02"]
[EventType "swiss"]
[EventRounds "8"]
[EventCountry "CAN"]

1. d4 d5 2. e3 Nf6 3. c3 Nbd7 4. f4 Ne4 5. Nd2 Ndf6 6. Be2 e6 7. Ngf3 Be7 8.
Qc2 c5 9. O-O O-O 10. Bd3 Nxd2 11. Qxd2 cxd4 12. exd4 b6 13. Qe2 Bb7 14. Nd2
Qc7 15. g4 Bd6 16. g5 Ne8 17. Qh5 g6 18. Qh4 Ng7 19. Nf3 Nf5 20. Qg4 f6 21. Bd2
e5 22. Bxf5 gxf5 23. Qg2 exf4 24. gxf6+ Kh8 25. Qg7+ Qxg7+ 26. fxg7+ Kxg7 27.
Ne5 Ba6 28. Rf2 Bxe5 29. dxe5 Bd3 30. Bxf4 Kf7 31. Rg2 Rg8 32. Rg3 Rg4 33. Rxg4
fxg4 34. Kf2 Ke6 35. Ke3 Be4 36. a4 h5 37. b4 Rc8 38. Rc1 Rc4 39. Kf2 Bf3 40.
Bg3 a5 41. bxa5 bxa5 42. Rb1 Rxc3 43. Rb6+ Kf5 44. Rf6+ Ke4 45. e6 Rc2+ 46. Kf1
Ke3 47. Bf4+ Kd4 48. Rf7 Re2 49. e7 Re6 50. Bg5 Be4 51. Rf8 Bg6 52. Ra8 Ke4 53.
Rxa5 d4 54. Ra8 d3 55. Rd8 Re5 56. Bh4 Ke3 57. Ke1 Kf3+ 58. Kd1 Kg2 59. Rg8 Bf7
60. Rf8 Bg6 61. Rf2+ Kh3 62. Bf6 Re6 63. a5 g3 64. hxg3 Kxg3 65. Rf1 h4 66.
Rg1+ Kf2 67. Bd4+ Kf3 68. Rxg6 Rxe7 69. Rf6+ Kg2 70. Kd2 h3 71. Rg6+ Kf3 72.
Bg1 Re2+ 73. Kxd3 h2 74. Bxh2 Rxh2 75. Rf6+ Kg4 76. Kc4 Rh8 77. a6 Kg5 78. Rf7
Kg6 79. Rc7 Rh5 80. Rc5 Rh1 81. Kb5 Rh8 82. a7 Kf6 83. Kc6 Ke6 84. Rb5 Rc8+ 85.
Kb7 Rh8 86. a8=Q Rxa8 87. Kxa8 1-0

[Event "Scarborough CC Late Fall Swiss"]
[Site "Toronto CAN"]
[Date "2006.11.09"]
[Round "2"]
[White "Sherman, Josh"]
[Black "Montano, Angel"]
[Result "1-0"]
[WhiteElo "1689"]
[BlackElo "1488"]
[PlyCount "63"]
[EventDate "2006.11.02"]
[EventType "swiss"]
[EventRounds "8"]
[EventCountry "CAN"]

1. e4 d6 2. d4 e6 3. Nf3 Nf6 4. Bd3 Nc6 5. c4 Be7 6. Nc3 Nb4 7. Qa4+ Nc6 8. d5
exd5 9. exd5 Bd7 10. dxc6 Bxc6 11. Qd1 O-O 12. O-O Re8 13. Nd4 Bd7 14. Nf5 Bxf5
15. Bxf5 Bf8 16. Bg5 Re5 17. Qd3 g6 18. Bxf6 Qxf6 19. Be4 c6 20. f4 Rh5 21. Bf3
Rf5 22. Ne4 Qe6 23. Rae1 Qd7 24. Bg4 Rd5 25. Nf6+ Kh8 26. Qh3 Rh5 27. Qc3 Qd8
28. Nxh5+ f6 29. Re8 Qxe8 30. Qxf6+ Kg8 31. Be6+ Qxe6 32. Qxe6+ 1-0

[Event "Scarborough CC Late Fall Swiss"]
[Site "Toronto CAN"]
[Date "2006.11.09"]
[Round "2"]
[White "Wu, Aaron"]
[Black "Morra, Lui"]
[Result "0-1"]
[WhiteElo "1467"]
[BlackElo "1516"]
[PlyCount "68"]
[EventDate "2006.11.02"]
[EventType "swiss"]
[EventRounds "8"]
[EventCountry "CAN"]

1. c4 c5 2. Nc3 Nc6 3. g3 Nf6 4. Bg2 e6 5. b3 d5 6. cxd5 exd5 7. Bb2 d4 8. Ne4
Nxe4 9. Bxe4 Be7 10. e3 O-O 11. Ne2 Bg4 12. Qc2 h6 13. a3 Bxe2 14. Kxe2 Bf6 15.
Rhe1 Ne5 16. Qxc5 d3+ 17. Kf1 Rc8 18. Qxa7 Qd7 19. f4 Nc6 20. Bxc6 Qxc6 21.
Bxf6 Qh1+ 22. Kf2 Qxh2+ 23. Kf3 gxf6 24. Qd4 Qxd2 25. Qxf6 Rc2 26. Qxh6 Qg2+
27. Kg4 Rc6 28. Qh1 Rg6+ 29. Kf5 Qxg3 30. Rg1 Qxe3 31. Rxg6+ fxg6+ 32. Kxg6
Qg3+ 33. Kh5 Rf5+ 34. Kh6 Qg7# 0-1

[Event "Scarborough CC Late Fall Swiss"]
[Site "Toronto CAN"]
[Date "2006.11.16"]
[Round "3"]
[White "Arfin, Sam"]
[Black "Philip, Andrew"]
[Result "0-1"]
[WhiteElo "1330"]
[BlackElo "1635"]
[PlyCount "74"]
[EventDate "2006.11.02"]
[EventType "swiss"]
[EventRounds "8"]
[EventCountry "CAN"]

1. e4 g6 2. d4 c6 3. Nf3 Bg7 4. Be2 d6 5. O-O Nf6 6. Nc3 O-O 7. Bg5 h6 8. Bxf6
Bxf6 9. Qd2 Bg7 10. a4 Nd7 11. a5 Nf6 12. a6 b5 13. e5 dxe5 14. dxe5 Qxd2 15.
Nxd2 Nd7 16. f4 Nc5 17. Bf3 Bxa6 18. b4 Na4 19. Nxa4 bxa4 20. Rf2 Rfb8 21. Bxc6
Bb7 22. Bxb7 Rxb7 23. Rxa4 f6 24. e6 f5 25. c4 Bd4 26. Nb3 Bxf2+ 27. Kxf2 Rd8
28. Nc5 Rc7 29. Ke3 Rd1 30. h3 Rg1 31. Kf2 Rc1 32. Nd7 R1xc4 33. Ne5 Rxf4+ 34.
Kg3 g5 35. Ng6 Re4 36. Ra5 f4+ 37. Kf3 Rxe6 0-1

[Event "Scarborough CC Late Fall Swiss"]
[Site "Toronto CAN"]
[Date "2006.11.16"]
[Round "3"]
[White "Bellomo, Joe"]
[Black "Lamb, Bryan"]
[Result "0-1"]
[WhiteElo "1662"]
[BlackElo "2117"]
[PlyCount "56"]
[EventDate "2006.11.02"]
[EventType "swiss"]
[EventRounds "8"]
[EventCountry "CAN"]

1. e4 c5 2. Nf3 d6 3. d4 cxd4 4. Nxd4 Nf6 5. Nc3 g6 6. Be2 Bg7 7. Be3 O-O 8. f3
Nc6 9. Qd2 d5 10. O-O-O dxe4 11. Nxc6 Qxd2+ 12. Bxd2 bxc6 13. fxe4 Be6 14. Kb1
Rab8 15. Bf4 Rxb2+ 16. Kxb2 Nxe4 17. Rd3 Bc4 18. Rd7 Bxe2 19. Rxe7 Bxc3+ 20.
Kb3 f5 21. Bd6 Rd8 22. Bc7 Bc4+ 23. Kxc4 Rd4+ 24. Kb3 Rb4+ 25. Ka3 Nc5 26. Rg7+
Kh8 27. Rxh7+ Kxh7 28. Re1 Ra4# 0-1

[Event "Scarborough CC Late Fall Swiss"]
[Site "Toronto CAN"]
[Date "2006.11.16"]
[Round "3"]
[White "Dattani, Dinesh"]
[Black "Douglas, Steve"]
[Result "0-1"]
[WhiteElo "1299"]
[BlackElo "1438"]
[PlyCount "76"]
[EventDate "2006.11.02"]
[EventType "swiss"]
[EventRounds "8"]
[EventCountry "CAN"]

1. e4 d6 2. d4 Nf6 3. Nc3 g6 4. Nf3 Bg7 5. Be2 O-O 6. O-O Nbd7 7. Bg5 h6 8. Bh4
g5 9. Bg3 Nh5 10. Qd3 Nxg3 11. fxg3 c5 12. d5 Qb6 13. Qb5 Qc7 14. Nd1 a6 15.
Qd3 Qb6 16. c4 Qd8 17. Rb1 Ne5 18. Nxe5 Bxe5 19. Ne3 Bd4 20. Kh1 Qa5 21. Nf5
Bxf5 22. Rxf5 Qxa2 23. Bh5 f6 24. e5 Bxe5 25. Rxg5+ fxg5 26. Qg6+ Bg7 27. Qe6+
Kh8 28. Re1 Qxc4 29. Be2 Qb4 30. Bd3 Rae8 31. h3 Rf6 32. Qe2 Qd4 33. Rb1 Qf2
34. Qh5 Ref8 35. Rf1 Qd4 36. Rd1 Qe3 37. Kh2 b5 38. b3 Rc8 0-1

[Event "Scarborough CC Late Fall Swiss"]
[Site "Toronto CAN"]
[Date "2006.11.16"]
[Round "3"]
[White "Deiseach, Donald"]
[Black "Hall, John"]
[Result "0-1"]
[WhiteElo "1941"]
[BlackElo "2029"]
[PlyCount "96"]
[EventDate "2006.11.02"]
[EventType "swiss"]
[EventRounds "8"]
[EventCountry "CAN"]

1. e4 e5 2. Nf3 Nc6 3. Bb5 a6 4. Ba4 Nf6 5. O-O Nxe4 6. d4 exd4 7. Nxd4 Be7 8.
Nf5 Bf6 9. Qd5 Ng5 10. Bxg5 Bxg5 11. Nxg7+ Kf8 12. Nh5 d6 13. Bxc6 bxc6 14.
Qxc6 Rb8 15. Nc3 Bb7 16. Qa4 Rg8 17. Ng3 Qe8 18. Qa5 Qc6 19. Nce4 Re8 20. Rae1
Re5 21. Qc3 Qxc3 22. Nxc3 Rxe1 23. Rxe1 Bd2 24. Rd1 Bxc3 25. bxc3 Rg5 26. c4
Ra5 27. Rb1 Bc6 28. Rb2 Rc5 29. f3 Ke7 30. Kf2 Rxc4 31. Ke3 Rc3+ 32. Kd4 Ra3
33. c4 Bd7 34. Re2+ Be6 35. Rc2 f5 36. c5 Ra4+ 37. Kd3 Ra3+ 38. Kd2 dxc5 39.
Rxc5 Rxa2+ 40. Ke3 Kd6 41. Rc3 Rxg2 42. Ra3 Rxh2 43. Rxa6+ c6 44. Ra5 c5 45.
Ra6+ Ke7 46. Ne2 Rxe2+ 47. Kxe2 Bc4+ 48. Kf2 Bxa6 0-1

[Event "Scarborough CC Late Fall Swiss"]
[Site "Toronto CAN"]
[Date "2006.11.16"]
[Round "3"]
[White "Farhang, Arvin"]
[Black "Manalo, Pepin"]
[Result "1/2-1/2"]
[WhiteElo "1208"]
[BlackElo "1720"]
[PlyCount "86"]
[EventDate "2006.11.02"]
[EventType "swiss"]
[EventRounds "8"]
[EventCountry "CAN"]

1. d4 Nf6 2. c4 e6 3. e3 b6 4. Nc3 Bb7 5. Nf3 Bb4 6. a3 Bxc3+ 7. bxc3 c5 8. Bb2
Qe7 9. Qd2 d6 10. Bd3 Nbd7 11. Rd1 Rd8 12. Bc2 Ne4 13. Bxe4 Bxe4 14. Ke2 f5 15.
Rhg1 Nf6 16. h3 O-O 17. Ng5 Bc6 18. g3 h6 19. Nf3 Qb7 20. Nh2 Qa6 21. Qd3 Be4
22. Qd2 Qxc4+ 23. Ke1 Bc6 24. Qd3 Qb3 25. Qd2 Ne4 26. Qc1 Bb5 27. f3 Nf6 28.
Kf2 Bc4 29. g4 fxg4 30. hxg4 Rd7 31. g5 Ne4+ 32. Ke1 Nxg5 33. f4 Ne4 34. Ng4
Kh8 35. dxc5 bxc5 36. Ne5 Rb7 37. Ng6+ Kg8 38. Rg2 Rfb8 39. Ba1 Bb5 40. Rb2 Qc4
41. Rxb5 Rxb5 42. Qc2 Kf7 43. Nh4 Rb3 1/2-1/2

[Event "Scarborough CC Late Fall Swiss"]
[Site "Toronto CAN"]
[Date "2006.11.16"]
[Round "3"]
[White "Graham, John"]
[Black "Karpik, Steve"]
[Result "1/2-1/2"]
[WhiteElo "1432"]
[BlackElo "1488"]
[PlyCount "72"]
[EventDate "2006.11.02"]
[EventType "swiss"]
[EventRounds "8"]
[EventCountry "CAN"]

1. e4 d6 2. d4 Nf6 3. Nc3 g6 4. Bc4 Nxe4 5. Nxe4 d5 6. Bd3 dxe4 7. Bxe4 Bg7 8.
c3 O-O 9. Ne2 c6 10. O-O Nd7 11. Ng3 Nb6 12. Bf4 Nd5 13. Bd2 e5 14. Be3 Be6 15.
dxe5 Bxe5 16. Bd4 Bxd4 17. Qxd4 Qc7 18. Ne2 Rfd8 19. Qd2 Nf6 20. Qc2 Nxe4 21.
Qxe4 Rd2 22. Nd4 Re8 23. Nxe6 Rxe6 24. Qb4 Qd7 25. c4 Red6 26. Qb3 R6d3 27. Qa4
b5 28. cxb5 cxb5 29. Qb4 Rd1 30. g3 Rxf1+ 31. Rxf1 Rd1 32. Kg2 Qd5+ 33. Kg1
Rxf1+ 34. Kxf1 Qd1+ 35. Kg2 Qd5+ 36. Kf1 Qd1+ 1/2-1/2

[Event "Scarborough CC Late Fall Swiss"]
[Site "Toronto CAN"]
[Date "2006.11.16"]
[Round "3"]
[White "Mesiti, Silvano"]
[Black "Farrant, David"]
[Result "1-0"]
[WhiteElo "1633"]
[BlackElo "1497"]
[PlyCount "115"]
[EventDate "2006.11.02"]
[EventType "swiss"]
[EventRounds "8"]
[EventCountry "CAN"]

1. e4 c5 2. Nf3 e6 3. d4 cxd4 4. Nxd4 a6 5. Nc3 Qc7 6. Be2 Nf6 7. Be3 Bb4 8.
Bd2 Nc6 9. Nf3 O-O 10. Bd3 b5 11. O-O Bb7 12. a3 Bc5 13. Ng5 Ne5 14. Bf4 Bd6
15. Bg3 h6 16. Nf3 Nxd3 17. cxd3 Bxg3 18. hxg3 d6 19. Rc1 Qb6 20. Qd2 Rac8 21.
Ne2 Rfd8 22. Nf4 Ng4 23. Nh2 Ne5 24. Kh1 Qd4 25. Nf3 Nxf3 26. gxf3 Qf6 27. Kg2
Qg5 28. Qe3 e5 29. Nd5 Qxe3 30. fxe3 Kf8 31. Kf2 Rc5 32. Nc3 Rdc8 33. Ke2 a5
34. Kd2 b4 35. axb4 axb4 36. Na2 Rxc1 37. Rxc1 Rxc1 38. Kxc1 b3 39. Nb4 f5 40.
Kd2 Ke7 41. Kc3 fxe4 42. dxe4 Bc8 43. Kxb3 Bh3 44. Nd3 g5 45. g4 Bg2 46. Ne1
Bf1 47. Kc3 Ke6 48. b4 d5 49. exd5+ Kxd5 50. e4+ Ke6 51. Nd3 Kd6 52. Kd2 Bxd3
53. Kxd3 Kc6 54. Kc4 Kb6 55. Kd5 Kb5 56. Kxe5 Kxb4 57. Kf6 Kc4 58. Kg6 1-0

[Event "Scarborough CC Late Fall Swiss"]
[Site "Toronto CAN"]
[Date "2006.11.16"]
[Round "3"]
[White "Montano, Angel"]
[Black "Blackman, Gord"]
[Result "1-0"]
[WhiteElo "1490"]
[BlackElo "1671"]
[PlyCount "107"]
[EventDate "2006.11.02"]
[EventType "swiss"]
[EventRounds "8"]
[EventCountry "CAN"]

1. c4 e5 2. Nc3 Nf6 3. e4 Nc6 4. Nf3 d6 5. Be2 Be7 6. a3 a5 7. b3 Bd7 8. Qc2
O-O 9. Bb2 Re8 10. O-O Bf8 11. d3 Bg4 12. Ne1 Nd4 13. Qd1 Bxe2 14. Nxe2 c5 15.
Nxd4 cxd4 16. f4 Qd7 17. f5 h6 18. a4 Nh7 19. Nf3 Be7 20. h4 f6 21. Nh2 Bf8 22.
Rb1 Kh8 23. Rf3 Re7 24. Rg3 Rf7 25. Rg6 Be7 26. Qf3 Nf8 27. Rg3 Nh7 28. Qh5 Qe8
29. Bc1 Rf8 30. Rg6 Rf7 31. Bxh6 gxh6 32. Rxh6 Rg7 33. Rg6 Qf7 34. Ng4 Qe8 35.
Rf1 Kg8 36. Qh6 Bf8 37. Rf3 Rxg6 38. Qxg6+ Kh8 39. Nxf6 Qxg6 40. fxg6 Nxf6 41.
Rxf6 Kg7 42. Rf7+ Kxg6 43. Rxb7 Kf6 44. g3 Be7 45. Kg2 Rg8 46. Kh3 Ke6 47. Rb5
Bd8 48. Rb8 Kd7 49. Rb7+ Kc6 50. Rf7 Kc5 51. Rb7 Kc6 52. Rb5 Bb6 53. g4 Bd8 54.
h5 1-0

[Event "Scarborough CC Late Fall Swiss"]
[Site "Toronto CAN"]
[Date "2006.11.16"]
[Round "3"]
[White "Moran, Mario"]
[Black "Gillis, Doug"]
[Result "1-0"]
[WhiteElo "1590"]
[BlackElo "1418"]
[PlyCount "47"]
[EventDate "2006.11.02"]
[EventType "swiss"]
[EventRounds "8"]
[EventCountry "CAN"]

1. f4 e6 2. Nf3 d5 3. e3 Nf6 4. b3 Be7 5. Ne5 O-O 6. Bb2 c5 7. Bd3 Nbd7 8. O-O
Nxe5 9. fxe5 Ne4 10. Nc3 Nxc3 11. Bxc3 d4 12. exd4 cxd4 13. Bb2 Qd5 14. Bxh7+
Kxh7 15. Qh5+ Kg8 16. Rf3 g6 17. Rg3 Bf6 18. Re1 Bg7 19. Qh4 Qd8 20. Rg5 Qd5
21. Rg3 Rd8 22. Rh3 Kf8 23. Ba3+ Rd6 24. Bxd6+ 1-0

[Event "Scarborough CC Late Fall Swiss"]
[Site "Toronto CAN"]
[Date "2006.11.16"]
[Round "3"]
[White "Paterson, Jim"]
[Black "Moysoski, Randy"]
[Result "1-0"]
[WhiteElo "1828"]
[BlackElo "1911"]
[PlyCount "95"]
[EventDate "2006.11.02"]
[EventType "swiss"]
[EventRounds "8"]
[EventCountry "CAN"]

1. e4 d5 2. c3 dxe4 3. Qa4+ Nc6 4. Qxe4 Nf6 5. Qh4 Bf5 6. d4 e6 7. Bg5 Be7 8.
Nd2 h6 9. Ngf3 Bh7 10. Bxf6 Bxf6 11. Qg3 g5 12. Bb5 a6 13. Ba4 b5 14. Bb3 h5
15. Ne5 h4 16. Qe3 Na5 17. Ng4 Be7 18. Qe5 Rg8 19. O-O Nxb3 20. Nxb3 Qd6 21.
Rfe1 Qxe5 22. Rxe5 O-O-O 23. Nc5 Bd6 24. Re2 a5 25. Nf6 Rh8 26. Nxh7 Rxh7 27.
Ne4 Be7 28. f3 Rd5 29. a4 Rg7 30. axb5 Rxb5 31. Nf2 Kd7 32. Ng4 Rf5 33. Ne5+
Kc8 34. Rxa5 g4 35. fxg4 Rxg4 36. Nxg4 Rxa5 37. Ne5 Ra1+ 38. Kf2 Bd6 39. Nxf7
Bxh2 40. Ng5 c5 41. Nxe6 c4 42. Kf3 Rf1+ 43. Ke4 Kd7 44. Kd5 Ra1 45. Kxc4 Ra4+
46. Kd5 Ra2 47. Nc5+ Kd8 48. Kc6 1-0

[Event "Scarborough CC Late Fall Swiss"]
[Site "Toronto CAN"]
[Date "2006.11.16"]
[Round "3"]
[White "Perez, Michael"]
[Black "Guo, Joshua"]
[Result "0-1"]
[WhiteElo "1603"]
[BlackElo "2077"]
[PlyCount "70"]
[EventDate "2006.11.02"]
[EventType "swiss"]
[EventRounds "8"]
[EventCountry "CAN"]

1. d4 Nf6 2. c4 g6 3. Nc3 Bg7 4. e4 d6 5. f3 O-O 6. Be3 Nc6 7. Qd2 a6 8. Nge2
Rb8 9. a4 e5 10. d5 Na5 11. Nc1 c5 12. Rb1 Nd7 13. b4 cxb4 14. Rxb4 f5 15. Qf2
b6 16. N1a2 f4 17. Bc1 Nc5 18. Rb1 Bf6 19. g3 Bg5 20. Be2 Nab3 21. O-O fxg3 22.
hxg3 Bxc1 23. Nxc1 Nd2 24. Qe3 Nxb1 25. Nxb1 Nxa4 26. Rf2 Qc7 27. Na3 Bd7 28.
Rh2 Qc5 29. Kf2 Nc3 30. Qxc5 Nxe4+ 31. Kg2 Nxc5 32. Nc2 b5 33. Ne3 b4 34. Nd3
Nxd3 35. Bxd3 a5 0-1

[Event "Scarborough CC Late Fall Swiss"]
[Site "Toronto CAN"]
[Date "2006.11.16"]
[Round "3"]
[White "Roe, Jim"]
[Black "Sherman, Josh"]
[Result "1-0"]
[WhiteElo "1548"]
[BlackElo "1691"]
[PlyCount "58"]
[EventDate "2006.11.02"]
[EventType "swiss"]
[EventRounds "8"]
[EventCountry "CAN"]

1. d4 Nf6 2. c4 c5 3. d5 e6 4. Nc3 exd5 5. Nxd5 Nxd5 6. Qxd5 Be7 7. Nf3 Nc6 8.
a3 d6 9. Bd2 Be6 10. Qd3 O-O 11. e3 Qc7 12. e4 Rad8 13. Bc3 Na5 14. Bxa5 Qxa5+
15. Qd2 Qa4 16. Rc1 f5 17. exf5 Bxf5 18. Bd3 Rde8 19. O-O Bxd3 20. Qxd3 Qc6 21.
Rcd1 Rf4 22. b3 Qc7 23. Rfe1 Rff8 24. Qd5+ Kh8 25. Re6 Rf6 26. Rde1 Qd7 27. b4
b6 28. Rxe7 Qxe7 29. Rxe7 Ref8 1-0

[Event "Scarborough CC Late Fall Swiss"]
[Site "Toronto CAN"]
[Date "2006.11.19"]
[Round "3"]
[White "Smith, Maurice"]
[Black "Chuderski, Jan"]
[Result "1/2-1/2"]
[WhiteElo "1613"]
[BlackElo "1418"]
[PlyCount "78"]
[EventDate "2006.11.02"]
[EventType "swiss"]
[EventRounds "8"]
[EventCountry "CAN"]

1. Nf3 Nf6 2. d4 d5 3. Bf4 Nc6 4. Nc3 e6 5. a3 Be7 6. e3 O-O 7. Bd3 h6 8. O-O
Nh5 9. Ne2 Nxf4 10. Nxf4 Bd6 11. Re1 f5 12. c4 Ne7 13. Ne2 c6 14. Rb1 Ng6 15.
cxd5 exd5 16. Qc2 Nh4 17. Nxh4 Qxh4 18. g3 Qf6 19. Rbd1 Bd7 20. Nc1 h5 21. h4
g5 22. hxg5 Qxg5 23. Kg2 h4 24. Ne2 h3+ 25. Kh2 Qg4 26. Ng1 Rf6 27. Be2 Qe4 28.
Qxe4 fxe4 29. Rf1 Raf8 30. f4 exf3 31. Rxf3 Rxf3 32. Bxf3 Rf6 33. Rd2 Rg6 34.
Ne2 Rf6 35. Nf4 Rh6 36. Rf2 Be8 37. Be2 Bd7 38. Bf3 Bf5 39. Be2 Be4 1/2-1/2

[Event "Scarborough CC Late Fall Swiss"]
[Site "Toronto CAN"]
[Date "2006.11.16"]
[Round "3"]
[White "Tursman, Richard"]
[Black "Termeer, Ted"]
[Result "0-1"]
[WhiteElo "1527"]
[BlackElo "1308"]
[PlyCount "94"]
[EventDate "2006.11.02"]
[EventType "swiss"]
[EventRounds "8"]
[EventCountry "CAN"]

1. e4 e5 2. Nc3 Nf6 3. g3 Bc5 4. Bg2 d6 5. Na4 Bb6 6. h3 Bd7 7. Nxb6 axb6 8.
Ne2 O-O 9. O-O Na6 10. a3 Nc5 11. d3 Qc8 12. Kh2 Ne6 13. f4 h6 14. f5 Nd4 15.
c3 Nc6 16. g4 Kh7 17. Ng3 Qd8 18. g5 Ng8 19. Qh5 g6 20. fxg6+ fxg6 21. Qh4 Rxf1
22. Bxf1 Qe7 23. Be3 Rf8 24. Be2 Be8 25. Rf1 Rxf1 26. Nxf1 Nd8 27. Qg3 h5 28.
h4 Ne6 29. d4 Ng7 30. Nd2 Bd7 31. Nf3 exd4 32. Nxd4 Qxe4 33. Bf4 Nf5 34. Nxf5
Qxe2+ 35. Kg1 Bxf5 36. b4 Qg4 37. Kf2 Qxg3+ 38. Bxg3 Ne7 39. Ke3 Bc2 40. Kd2
Bb3 41. Kd3 b5 42. Bf2 c6 43. Kd2 d5 44. Kc1 Nf5 45. Kb2 Bc4 46. Kc1 Kg7 47.
Kd2 Kf7 0-1

[Event "Scarborough CC Late Fall Swiss"]
[Site "Toronto CAN"]
[Date "2006.11.16"]
[Round "3"]
[White "Zlatanov, Petar"]
[Black "Armstrong, Robert J"]
[Result "0-1"]
[WhiteElo "1300"]
[BlackElo "1648"]
[PlyCount "54"]
[EventDate "2006.11.02"]
[EventType "swiss"]
[EventRounds "8"]
[EventCountry "CAN"]

1. e4 g6 2. Nf3 Bg7 3. d4 d6 4. Bd3 Nf6 5. O-O O-O 6. c4 c5 7. d5 e6 8. Nc3
exd5 9. exd5 Re8 10. Bg5 Bg4 11. h3 Bxf3 12. Qxf3 Nbd7 13. Rae1 Ne5 14. Qd1
Nxd3 15. Qxd3 Qd7 16. Qd2 h5 17. b3 a6 18. Qf4 Nh7 19. Ne4 Be5 20. Qh4 Nxg5 21.
Qxg5 Qe7 22. Qxe7 Rxe7 23. f4 Bd4+ 24. Kh1 Rae8 25. f5 Rxe4 26. Rxe4 Rxe4 27.
fxg6 fxg6 0-1

[Event "Scarborough CC Late Fall Swiss"]
[Site "Toronto CAN"]
[Date "2006.11.23"]
[Round "4"]
[White "Armstrong, Robert J"]
[Black "Moran, Mario"]
[Result "0-1"]
[WhiteElo "1648"]
[BlackElo "1590"]
[PlyCount "114"]
[EventDate "2006.11.02"]
[EventType "swiss"]
[EventRounds "8"]
[EventCountry "CAN"]

1. d4 Nf6 2. c4 e6 3. Nf3 c5 4. d5 exd5 5. cxd5 d6 6. Nc3 Be7 7. e4 O-O 8. Bc4
Nbd7 9. O-O a6 10. a4 Nb6 11. Bb3 Bg4 12. h3 Bh5 13. Re1 Nbd7 14. Bf4 Bxf3 15.
Qxf3 Ne5 16. Qe2 Nfd7 17. Bh2 Bf6 18. f4 Ng6 19. g4 Bd4+ 20. Kh1 Qh4 21. Qg2
Rae8 22. Bg3 Qd8 23. g5 f6 24. f5 Nge5 25. gxf6 Qxf6 26. Bf2 Bxf2 27. Qxf2 Nd3
28. Qg2 Nxe1 29. Rxe1 Ne5 30. Rg1 Re7 31. Bc2 Nc4 32. Bb1 Qh4 33. b3 Ne5 34.
Ne2 Rf6 35. Qg3 Qxg3 36. Rxg3 Rh6 37. Nf4 Rh4 38. Ne6 Nd7 39. Kg2 Nf6 40. Re3
Nh5 41. Rf3 Nf6 42. Re3 b5 43. Kg3 Rh6 44. axb5 axb5 45. Bd3 b4 46. Kg2 Ra7 47.
Rg3 Nh5 48. Rg4 Ra2+ 49. Kf3 Rd2 50. Bc4 Rh2 51. Rh4 Nf6 52. Rxh6 gxh6 53. Nf4
Nd7 54. Kg3 Rc2 55. Nd3 Rc3 56. Kg4 Nb6 57. Nxc5 Rxc4 0-1